Ekonomická štatistika priemyslu praktikum

Na minha lista:
Detalhes bibliográficos
Autor principal: Kozíková, Emília
Autor Corporativo: Vysoká škola ekonomická v Bratislave. Fakulta riadenia
Outros Autores: Souček, Eduard, Chajdiak, Jozef
Formato: Livro
Idioma:eslovaco
Publicado em: Bratislava VŠE 1984
Tags: Adicionar Tag
Sem tags, seja o primeiro a adicionar uma tag!

MARC

LEADER 00000nam a2200000 4500
001 c111784
005 20230116100544.6
041 0 |a slo 
044 |a SK 
245 1 0 |a Ekonomická štatistika priemyslu  |b praktikum  |c Emília Kozíková, Eduard Souček a Jozef Chajdiak 
264 1 |a Bratislava  |b VŠE  |c 1984 
300 |a 206 s. 
100 1 |a Kozíková, Emília 
700 1 |a Souček, Eduard 
700 1 |a Chajdiak, Jozef 
710 2 |a Vysoká škola ekonomická v Bratislave. Fakulta riadenia